000 00556nam a2200205Ia 4500
005 20250923145929.0
008 008 250917s9999 xx 000 0 eng d
037 _aTextual
040 _aDSWL
_beng
_cDSWL
041 _aeng
_2eng
084 _aY:4.2, N73.2;1
_qDSWL
100 _aMadan, G.R.
_9840417
245 0 _aIndian social problems
_c by G.R. Madan
260 _aNew Delhi
_bAllied
_c1973
300 _axvi,viii,312p.
365 _aINR
_b35.00
925 _g35.00
942 _cTEXL
_hY:4.2, N73.2;1
999 _c1457489
_d1457489